000 00619cam a2200217ua 4500
005 20260515114332.0
008 150130n ii |||gr||||Z||||||asm
020 _a9788173394409
040 _cMAIN
_aIN-DiNC
041 _dasm
082 _a418.02
_bBEZ
100 _aBezborah, Nirajana Mahanta,
_eauthor
245 1 _aAnubad:
_btattva aru prayog /
_cby Nirajana Mahanta Bezborah .
250 _a1st ed.
260 _aDibrugarh:
_bBanalata,
_c2011.
300 _a240p.
650 _aTheory and practice of translation
653 _aStandard usage & applied linguistics
653 _aTranslation
942 _cBK
_2ddc
999 _c7537
_d7537